000
00496nam a2200169Ia 4500
008
110201s9999 xx 000 0 und d
082
_b
B7907
_a
S 1291
100
_a
नवलकर प्रमोद
245
_a
पहारा
260
_b
सामंत पब्लिकेशन्स
365
_b
100
600
_a
नवलकर प्रमोद
630
_a
पहारा
700
_a
नवलकर प्रमोद
730
_a
पहारा
942
_c
BOOK
999
_c
833409
_d
833406